[Event "Olympiad Women-36"]
[Site "Mallorca"]
[Date "2004.10.24"]
[Round "9.1"]
[White "Lindiawati, Evi"]
[Black "Foudzi, Sitii Zulaikha"]
[Result "0-1"]
[WhiteElo "2125"]
[BlackElo "2162"]
[PlyCount "112"]
[EventDate "2004.10.15"]
[EventType "team-swiss"]
[EventRounds "14"]
[EventCountry "ESP"]
[SourceTitle "CBM 102 Extra"]
[Source "ChessBase"]
[SourceDate "2004.11.03"]
[SourceVersion "1"]
[SourceVersionDate "2004.11.03"]
[SourceQuality "1"]
[WhiteTeam "Indonesia (W)"]
[BlackTeam "Malaysia (W)"]
[WhiteTeamCountry "INA"]
[BlackTeamCountry "MAS"]

1. e4 c5 2. Nf3 Nc6 3. d4 cxd4 4. Nxd4 g6 5. Nxc6 bxc6 6. Bc4 Bg7 7. 0-0 d6 8. c3 Nf6 9. Re1 0-0 10. Nd2 a5 11. Bd3 Bb7 12. Nf1 a4 13. h3 Nd7 14. Qc2 Qa5 15. Bd2 Rfb8 16. Ng3 Ne5 17. Bf1 Ba6 18. b4 Qb6 19. Be3 Qb7 20. a3 Bxf1 21. Nxf1 Nc4 22. Bf4 e5 23. Bc1 d5 24. Ne3 Qb5 25. Qe2 Nxe3 26. Qxe3 Qc4 27. Bb2 Rd8 28. exd5 cxd5 29. Qe2 Qb3 30. Rac1 Rac8 31. Red1 e4 32. Qc2 Qxc2 33. Rxc2 d4 34. Rcc1 d3 35. Kf1 f5 36. g3 Rc4 37. h4 Kf7 38. Ke1 Ke6 39. Rb1 Bxc3+ 40. Bxc3 Rxc3 41. b5 Rxa3 42. b6 Rc3 43. b7 Rb8 44. Rb6+ Kd7 45. Rdb1 Rc6 46. R6b4 Kc7 47. Rxa4 Rxb7 48. Rba1 Rc2 49. Ra7 Rcb2 50. Rc1+ Kd7 51. Rxb7+ Rxb7 52. Ra1 Kd6 53. Ra2 Rb1+ 54. Kd2 Rf1 55. Ke3 Re1+ 56. Kd4 Re2 0-1